[Event "N�-LL 2006_07"]
[Site "Amstetten"]
[Date "2006.10.29"]
[Round "4"]
[White "Dumancic, Pero"]
[Black "Geismann, Bernhard"]
[Result "0-1"]
[WhiteElo "2185"]
[BlackElo "2030"]
[Annotator "Amstetten : Baden"]
[PlyCount "146"]
[EventDate "2006.10.29"]
[SourceDate "2006.10.01"]

1. d4 d5 2. e3 Nc6 3. c4 e5 4. cxd5 Qxd5 5. Nc3 Bb4 6. Bd2 Bxc3 7. bxc3 Nf6 8.
c4 Qd6 9. d5 Nb8 10. Qc2 Na6 11. e4 Nc5 12. Bd3 c6 13. Rc1 O-O 14. Be3 Ng4 15.
Bxc5 Qxc5 16. h3 Nf6 17. Ne2 b5 18. Qb2 bxc4 19. O-O Qb5 20. Qxb5 cxb5 21. Bb1
Bd7 22. g4 g5 23. f3 Ne8 24. Kf2 Nd6 25. h4 h6 26. hxg5 hxg5 27. Rh1 Kg7 28.
Ng3 f6 29. Nh5+ Kf7 30. Ke3 a5 31. Ng3 Rh8 32. Bc2 Rxh1 33. Rxh1 Kg7 34. Nh5+
Kg6 35. Kd2 b4 36. Ng3 a4 37. Rb1 b3 38. axb3 axb3 39. Bxb3 cxb3 40. Rxb3 Ra2+
41. Ke1 Nb5 42. Nf5 Ra3 43. Rxa3 Nxa3 44. Ne3 Bb5 45. Nf5 Nc2+ 46. Kf2 Nd4 47.
Ng3 Kf7 48. Ke3 Ke7 49. Kf2 Ba4 50. Nf1 Bd1 51. Nd2 Kd6 52. Nc4+ Kc5 53. Nd2
Nb3 54. Nf1 Nd4 55. Nd2 Kb4 56. Ke3 Kc3 57. d6 Ba4 58. Nf1 Ne6 59. Ng3 Nf8 60.
Nh5 Nd7 61. f4 Bd1 62. fxe5 fxe5 63. Ng7 Bxg4 64. Ne8 Kc4 65. Nc7 Kc5 66. Nd5
Kxd6 67. Kd3 Bf5 68. Nc3 Nc5+ 69. Ke3 Nxe4 70. Ne2 Kd5 71. Ng1 Bg4 72. Kd3 Nf2+
73. Ke3 Nh3 0-1

[Event "N�-LL 2006_07"]
[Site "?"]
[Date "2006.10.29"]
[Round "4"]
[White "Weissenbeck, Manuel"]
[Black "Pachta, Paul"]
[Result "1/2-1/2"]
[WhiteElo "2226"]
[BlackElo "2275"]
[Annotator "Mauerbach : Bad V�slau/Kottingbrunn"]
[PlyCount "78"]
[EventDate "2006.10.29"]
[SourceDate "2006.10.29"]

1. d4 Nf6 2. Nf3 e6 3. Bg5 c5 4. c3 h6 5. Bh4 b6 6. Nbd2 Bb7 7. e3 d5 8. Ne5
Be7 9. Bxf6 gxf6 10. Bb5+ Kf8 11. Nef3 a6 12. Bd3 Rg8 13. Qe2 f5 14. Rg1 Nd7
15. h3 h5 16. g3 Qc7 17. h4 {bietet Remis} 17... Ke8 18. Rh1 Bd6 19. Ng5 Nf6
20. f4 Ke7 21. Rg1 Ng4 22. Nf1 b5 23. Qd2 f6 24. Nh3 Bc6 25. Nf2 Nxf2 26. Kxf2
Be8 27. Be2 Rc8 28. a3 Bf7 29. Qd1 cxd4 30. cxd4 (30. exd4 Bxf4 31. Bxh5 Bh6)
30... Qc2 31. Rb1 b4 (31... Qxd1 32. Bxd1 Rc7 33. Nd2 Rgc8 34. Nb3) 32. axb4
Bxb4 (32... Be8 33. Ra1 Bb5 34. Rg2 Bxb4 35. Qxc2 Rxc2 36. Kf3 Rgc8 37. Bxb5
axb5 38. Ra7+ R2c7 39. Rxc7+ Rxc7) 33. Nh2 a5 34. Nf3 Qc6 35. Ne1 Rc7 36. Bxh5
Bxe1+ (36... Bxh5 37. Qxh5 Rg4) 37. Rxe1 Bxh5 38. Qxh5 Qc2+ 39. Qe2 Qe4 1/2-1/2

) 37. Rxe1 Bxh5 38. Qxh5 Qc2+ 39. Qe2 Qe4 1/2-1/2

[Event "N�-LL 2006_07"]
[Site "?"]
[Date "2006.10.29"]
[Round "4"]
[White "Kummer, Helmut"]
[Black "Penz, Harald"]
[Result "0-1"]
[WhiteElo "2341"]
[BlackElo "2303"]
[Annotator "Mauerbach : Bad V�slau/Kottingbrunn"]
[PlyCount "92"]
[EventDate "2006.10.29"]
[SourceDate "2006.10.29"]

1. d4 d5 2. c4 c5 3. cxd5 Qxd5 4. Nf3 cxd4 5. Nc3 Qa5 6. Nxd4 Nf6 7. g3 e5 8.
Nb3 Qc7 9. Bg2 Bb4 10. Bd2 O-O 11. O-O Rd8 12. Qc1 Nc6 13. Ne4 Bxd2 14. Nxf6+
gxf6 15. Nxd2 Be6 16. Ne4 Kg7 17. f4 f5 18. Ng5 e4 19. Qc3+ Kg8 20. g4 Qb6+ 21.
Kh1 e3 22. gxf5 Bxf5 23. Qf6 Nd4 24. Qxf7+ Kh8 25. Qxb7 Qxb7 26. Bxb7 Rab8 27.
Nf7+ Kg7 28. Nxd8 Rxb7 29. Nxb7 Be4+ 30. Rf3 Nxe2 31. Raf1 Bxb7 32. Kg2 Nd4 33.
Kg3 Bxf3 34. Rxf3 e2 35. Re3 Nf5+ 36. Kf2 Nxe3 37. Kxe2 Nd5 38. Kf3 Kf6 39. Ke4
Ne7 40. b4 Ke6 41. a4 Nd5 42. f5+ Kd6 43. b5 Nc3+ 44. Kf4 Nxa4 45. Kg5 Nc3 46.
Kh6 Ke5 0-1

4 45. Kg5 Nc3 46.
Kh6 Ke5 0-1

[Event "N�-LL 2006_07"]
[Site "?"]
[Date "2006.10.29"]
[Round "4"]
[White "Brehovsky, Paul"]
[Black "Thomas, Wilhelm"]
[Result "1/2-1/2"]
[WhiteElo "2050"]
[BlackElo "2113"]
[Annotator "Mauerbach : Bad V�slau/Kottingbrunn"]
[PlyCount "33"]
[EventDate "2006.10.29"]
[SourceDate "2006.10.29"]

1. d4 d5 2. c4 c6 3. Nf3 e6 4. Nc3 dxc4 5. a4 Bb4 6. e3 b5 7. Bd2 Bxc3 8. Bxc3
Qb6 9. Ne5 Nf6 10. axb5 cxb5 11. b3 Nd5 12. Ba5 Qd6 13. bxc4 bxc4 14. e4 Nb6
15. Nxc4 Nxc4 16. Bxc4 Nc6 17. e5 1/2-1/2

c4 16. Bxc4 Nc6 17. e5 1/2-1/2

[Event "N�-LL 2006_07"]
[Site "?"]
[Date "2006.10.29"]
[Round "4"]
[White "Ponjican, Erich"]
[Black "Zojer, Thomas"]
[Result "1-0"]
[WhiteElo "2059"]
[BlackElo "2100"]
[Annotator "Mauerbach : Bad V�slau/Kottingbrunn"]
[PlyCount "77"]
[EventDate "2006.10.29"]
[SourceDate "2006.10.29"]

1. e4 c5 2. Nf3 Nc6 3. d4 cxd4 4. Nxd4 Nf6 5. Nc3 e5 6. Ndb5 d6 7. Bg5 a6 8.
Na3 b5 9. Nd5 Be7 10. Bxf6 Bxf6 11. c3 O-O 12. Nc2 Bg5 13. Bd3 Rb8 14. O-O g6
15. Nce3 a5 16. a4 b4 17. Bb5 Na7 18. cxb4 Nxb5 19. axb5 axb4 20. Qd3 Bd7 21.
b6 Bxe3 22. fxe3 Be6 23. Nf6+ Kg7 24. b7 Rxb7 25. Rad1 Rb6 26. Qe2 Qc8 27. Qf2
Qd8 28. Qh4 h5 29. Qg5 Bg4 30. Rd2 Rb8 31. h3 Be6 32. Nxh5+ Kh7 33. Rf6 Ra8 34.
Rdf2 Ra1+ 35. Kh2 Qc8 36. Ng3 Kg7 37. Nf5+ Bxf5 38. exf5 Rh8 39. fxg6 1-0

Bxf5 38. exf5 Rh8 39. fxg6 1-0

[Event "N�-LL 2006_07"]
[Site "?"]
[Date "2006.10.29"]
[Round "4"]
[White "Vykydal, Frantisek"]
[Black "Schroll, Gerhard"]
[Result "0-1"]
[WhiteElo "2264"]
[BlackElo "2375"]
[Annotator "Zwettl :  Wr.Neustadt"]
[PlyCount "116"]

1. e4 c6 2. d3 d5 3. Nd2 e5 4. Ngf3 Bd6 5. Be2 Nf6 6. O-O O-O 7. c4 dxe4 8.
dxe4 Nbd7 9. Qc2 a5 10. b3 Qe7 11. Bb2 Nc5 12. Rfe1 Bg4 13. h3 Bxf3 14. Bxf3
Ne6 15. Nf1 g6 16. g3 Nd7 17. Bg4 Bc5 18. Rad1 Nd4 19. Bxd4 Bxd4 20. Nh2 Nf6
21. Be2 a4 22. Nf3 axb3 23. axb3 Bb6 24. Bf1 Ra5 25. Ra1 Rfa8 26. Rxa5 Rxa5 27.
Bd3 Qb4 28. Rb1 Nd7 29. Qb2 f6 30. Kg2 Ra3 31. Bc2 Nf8 32. Rd1 Ra8 33. g4 h6
34. h4 g5 35. hxg5 hxg5 36. c5 Qxc5 37. Bd3 Rd8 38. Bc4+ Kg7 39. Rxd8 Bxd8 40.
Qa2 Bb6 41. Ne1 Ng6 42. Qd2 Nf4+ 43. Kg3 Qd4 44. Qxd4 exd4 45. Ng2 Ng6 46. Ne1
Bc7+ 47. Kg2 b5 48. Bf1 Kf7 49. f3 Ke6 50. Kf2 Nf4 51. Nc2 d3 52. Nd4+ Ke5 53.
Nf5 c5 54. Ne3 c4 55. bxc4 Bb6 56. cxb5 d2 57. Be2 Nd3+ 58. Kf1 Bxe3 0-1

[Event "N�-LL 2006_07"]
[Site "?"]
[Date "2006.10.29"]
[Round "4"]
[White "Steiner, Adam"]
[Black "Janetschek, Karl"]
[Result "0-1"]
[WhiteElo "2140"]
[BlackElo "2289"]
[Annotator "Zwettl :  Wr.Neustadt"]
[PlyCount "56"]

1. e4 c5 2. a3 e6 3. b4 d5 4. exd5 exd5 5. bxc5 Bxc5 6. d4 Be7 7. Nf3 Nf6 8.
Bd3 O-O 9. O-O Nc6 10. h3 Be6 11. Be3 Ne4 12. c4 f5 13. cxd5 Bxd5 14. Nfd2 Bf6
15. Nxe4 fxe4 16. Bc2 Bf7 17. Bxe4 Nxd4 18. Nd2 Nb5 19. Rc1 Nc3 20. Qg4 Re8 21.
Bxb7 Rb8 22. Qf3 Qd3 23. Rce1 Rxe3 24. Rxe3 Qxd2 25. Rd3 Qb2 26. Rd7 Ne2+ 27.
Kh1 Nd4 28. Qe4 Qb5 0-1

[Event "N�-LL 2006_07"]
[Site "?"]
[Date "2006.10.29"]
[Round "4"]
[White "Volkmann, Friedrich Karl"]
[Black "Zwettler, Martin"]
[Result "1-0"]
[WhiteElo "2407"]
[BlackElo "2207"]
[Annotator "Zwettl :  Wr.Neustadt"]
[PlyCount "75"]
[EventDate "2006.??.??"]

1. e4 c5 2. Nf3 g6 3. d4 cxd4 4. Qxd4 Nf6 5. e5 Nc6 6. Qa4 Nd5 7. Qb3 Nc7 8.
Bf4 Bg7 9. Nc3 O-O 10. O-O-O b5 11. h4 a5 12. Bxb5 Nxb5 13. Qxb5 a4 14. h5 Ra5
15. Qc4 Qb6 16. hxg6 hxg6 17. Bh6 Nxe5 18. Nxe5 Rxe5 19. Bxg7 Kxg7 20. Qf4 Rh5
21. Nd5 Qe6 22. Rxh5 gxh5 23. Qg5+ Qg6 24. Qxe7 Bb7 25. Nf4 Qf5 26. Qh4 Rc8 27.
Nxh5+ Kh8 28. Qd4+ f6 29. Rd3 Be4 30. Rh3 Bxg2 31. Rd3 Be4 32. Nxf6 Rc4 33.
Qxc4 d5 34. Qd4 Qg5+ 35. Re3 Qg1+ 36. Kd2 Qxf2+ 37. Kc3 Qxc2+ 38. Kb4 1-0

[Event "N�-LL 2006_07"]
[Site "?"]
[Date "2006.10.29"]
[Round "4"]
[White "Lipp, Alfred"]
[Black "Wiedner, Robert"]
[Result "1-0"]
[WhiteElo "2174"]
[BlackElo "2143"]
[Annotator "Zwettl :  Wr.Neustadt"]
[PlyCount "71"]

1. c4 e5 2. Nc3 Nf6 3. Nf3 Nc6 4. g3 Bb4 5. Bg2 O-O 6. O-O Re8 7. d3 h6 8. Bd2
Bc5 9. Ne1 a6 10. Nc2 d6 11. Rb1 Qd7 12. b4 Ba7 13. a4 Qg4 14. Nd5 Nxd5 15.
cxd5 Nd8 16. Be3 Bxe3 17. Nxe3 Qd4 18. b5 axb5 19. axb5 f5 20. b6 cxb6 21. Nc4
Nf7 22. Nxb6 Ra6 23. Qb3 f4 24. Nxc8 Rxc8 25. Qxb7 Rca8 26. Rfc1 R6a7 27. Qc6
Ra2 28. Be4 Rf8 29. Rc4 Qa7 30. Rb7 Qa5 31. Rxf7 Rxf7 32. Qe8+ Rf8 33. Qe6+ Kh8
34. Rc8 Qe1+ 35. Kg2 Ra8 36. Qg6 1-0

[Event "LL Zwettl Wr.Neustadt"]
[Site "?"]
[Date "????.??.??"]
[Round "4"]
[White "Vykydal, Frantisek"]
[Black "Schroll, Gerhard"]
[Result "0-1"]
[WhiteElo "2264"]
[BlackElo "2375"]
[Annotator "Horak,Paul"]
[PlyCount "64"]

1. e4 c6 2. d3 d5 3. Nd2 e5 4. Ngf3 Bd6 5. Be2 Nf6 6. O-O O-O 7. c4 dxe4 8.
dxe4 Nbd7 9. Qc2 a5 10. b3 Qe7 11. Bb2 Nc5 12. Rfe1 Bg4 13. h3 Bxf3 14. Bxf3
Ne6 15. Nf1 g6 16. g3 Nd7 17. Bg4 Bc5 18. Rad1 Nd4 19. Bxd4 Bxd4 20. Nh2 Nf6
21. Be2 a4 22. Nf3 axb3 23. axb3 Bb6 24. Bf1 Ra5 25. Ra1 Rfa8 26. Rxa5 Rxa5 27.
Bd3 Qb4 28. Rb1 Nd7 29. Kg2 Ra3 30. Qb2 f6 31. Be2 Nf8 32. Nd2 Qxd2 {
Trotz einstuendiger Bemuehung Rest weder lesbar noch nachvollziehbar.} 0-1

[Event "N�-LL 2006_07"]
[Site "?"]
[Date "2006.10.29"]
[Round "4"]
[White "Gr�tz, Harald"]
[Black "Hirsch, Andreas"]
[Result "1-0"]
[WhiteElo "2359"]
[BlackElo "2031"]
[Annotator "Bisamberg/Korneuburg : Stockerau"]
[PlyCount "63"]
[EventDate "2006.09.20"]
[SourceDate "2006.11.04"]

1. e4 d6 2. d4 Nf6 3. Nc3 g6 4. Nf3 Bg7 5. Be2 O-O 6. O-O c6 7. a4 Nbd7 8. h3
Qc7 9. Be3 e5 10. dxe5 dxe5 11. Nd2 Rd8 12. a5 Nf8 13. Qb1 Qe7 14. Nc4 Be6 15.
a6 Bxc4 16. axb7 Qxb7 17. Bxc4 Nh5 18. g3 Kh8 19. Na4 Qc8 20. Kh2 Ne6 21. c3
Nef4 22. gxf4 exf4 23. Bd4 Rxd4 24. cxd4 f3 25. Qd3 Qc7+ 26. e5 Rd8 27. Rfe1 f6
28. Qe3 fxe5 29. dxe5 Rf8 30. Nc5 Qe7 31. Ne6 Rf5 32. Rxa7 1-0

[Event "N�-LL 2006_07"]
[Site "?"]
[Date "2006.10.29"]
[Round "4"]
[White "Hochadel, Oliver"]
[Black "Hangweyrer, Manfred"]
[Result "1/2-1/2"]
[WhiteElo "2137"]
[BlackElo "2381"]
[Annotator "Bisamberg/Korneuburg : Stockerau"]
[PlyCount "97"]
[EventDate "2006.09.20"]
[SourceDate "2006.11.04"]

1. d4 d5 2. c4 c6 3. Nf3 Nf6 4. Nc3 a6 5. c5 Bf5 6. Qb3 Ra7 7. Bf4 Nbd7 8. e3
e6 9. Be2 Be7 10. O-O h6 11. h3 g5 12. Bg3 Rg8 13. Ne5 Nxe5 14. Bxe5 g4 15.
hxg4 Bxg4 16. Qd1 h5 17. Bf3 Nd7 18. Bf4 e5 19. dxe5 Nxc5 20. Bxg4 Rxg4 21. Ne2
Ne6 22. Ng3 Nxf4 23. exf4 Kd7 24. Nxh5 Qg8 25. Qf3 Ra8 26. Nf6+ Bxf6 27. exf6
Rg6 28. Rfe1 Rxf6 29. Re5 Re8 30. Rae1 Rxe5 31. Rxe5 Qh7 32. Qg4+ Kd6 33. Qg5
Qh6 34. Re8 Qxg5 35. fxg5 Rf5 36. Rg8 d4 37. Kf1 c5 38. b3 b5 39. g6 fxg6 40.
Rxg6+ Kd5 41. f3 d3 42. Ke1 Re5+ 43. Kd2 c4 44. bxc4+ bxc4 45. Kc3 Re2 46. Rg5+
Ke6 47. Kxc4 d2 48. Rd5 Rxg2 49. Rd3 1/2-1/2

[Event "N�-LL 2006_07"]
[Site "?"]
[Date "2006.10.29"]
[Round "4"]
[White "Batyte, Daiva"]
[Black "Pammer, Andreas"]
[Result "1-0"]
[WhiteElo "2172"]
[BlackElo "2212"]
[Annotator "Bisamberg/Korneuburg : Stockerau"]
[PlyCount "64"]
[EventDate "2006.09.20"]
[SourceDate "2006.11.04"]

1. g3 Nf6 2. Bg2 d5 3. Nf3 g6 4. d3 Bg7 5. O-O O-O 6. c3 b6 7. Nbd2 Bb7 8. Qc2
Nbd7 9. e4 e6 10. e5 Ne8 11. Re1 c5 12. Nf1 h6 13. h4 Rc8 14. Bf4 Nc7 15. Qd2
Kh7 16. N1h2 d4 17. Ng5+ hxg5 18. Bxg5 Qe8 19. Bxb7 Nxe5 20. cxd4 Rb8 21. dxe5
Rxb7 22. Ng4 Nd5 23. Bf6 Rh8 24. h5 Kg8 25. h6 Bxf6 26. exf6 Qd8 27. Qg5 Kh7
28. Re5 Qd6 29. Rae1 Rd8 30. a3 Rbd7 31. Rxe6 fxe6 32. Ne5 Rg8 1-0

[Event "N�-LL 2006_07"]
[Site "?"]
[Date "2006.10.29"]
[Round "4"]
[White "Ebner, Johann"]
[Black "Sadilek, Maximilian"]
[Result "1/2-1/2"]
[WhiteElo "2076"]
[BlackElo "2150"]
[Annotator "Bisamberg/Korneuburg : Stockerau"]
[PlyCount "88"]
[EventDate "2006.09.20"]
[SourceDate "2006.11.04"]

1. d4 d6 2. c4 f5 3. g3 Nf6 4. Nf3 g6 5. Bg2 Bg7 6. Nc3 O-O 7. O-O Nc6 8. d5
Ne5 9. Qb3 h6 10. Nd4 Nh5 11. e3 Nd3 12. Qc2 Nxc1 13. Raxc1 a6 14. Ne6 Bxe6 15.
dxe6 c6 16. g4 Bxc3 17. gxh5 Bg7 18. hxg6 Qe8 19. f4 Qxg6 20. Rce1 Qxe6 21. Kh1
Qf6 22. e4 fxe4 23. Qxe4 Rae8 24. Bh3 e5 25. fxe5 Qxe5 26. Rxf8+ Kxf8 27. Qf3+
Qf6 28. Qxf6+ Bxf6 29. Rxe8+ Kxe8 30. b3 Kd8 31. Kg2 b5 32. Bf5 Kc7 33. Kf3 Kb6
34. Ke3 Kc5 35. Bd7 Be5 36. h3 bxc4 37. bxc4 Kxc4 38. Bxc6 d5 39. Kd2 d4 40.
Be8 Bf4+ 41. Kd1 a5 42. Bf7+ Kc3 43. Be6 h5 44. Bd5 h4 1/2-1/2

[Event "N�-LL 2006_07"]
[Site "?"]
[Date "2006.11.12"]
[Round "5"]
[White "Vykydal, Frantisek"]
[Black "Weinwurm, Wolfgang"]
[Result "1/2-1/2"]
[WhiteElo "2183"]
[BlackElo "2264"]
[Annotator "Schwarzatal : Zwettl"]
[PlyCount "64"]
[EventDate "2006.09.20"]
[SourceDate "2006.11.14"]

1. e4 e5 2. Nf3 Nc6 3. Bb5 a6 4. Ba4 Nf6 5. Bxc6 dxc6 6. d3 Bc5 7. O-O Qe7 8.
Be3 Bg4 9. Nbd2 O-O-O 10. Qe2 Nd7 11. Nc4 f6 12. Bxc5 Nxc5 13. Qe3 Kb8 14. a4
Ne6 15. Ne1 Nf4 16. f3 Be6 17. Nd2 g5 18. g3 Nh3+ 19. Kh1 h5 20. Ng2 h4 21. g4
Qb4 22. Rfb1 Qd4 23. b4 Qxe3 24. Nxe3 Nf4 25. b5 cxb5 26. axb5 axb5 27. Rxb5 b6
28. Ndc4 Kc8 29. Ra7 Kb8 30. Ra3 Kc8 31. Ra7 Kb8 32. Ra3 Kc8 1/2-1/2

[Event "N�-LL 2006_07"]
[Site "?"]
[Date "2006.11.12"]
[Round "5"]
[White "Degen, Gerhard"]
[Black "Janetschek, Karl"]
[Result "1-0"]
[WhiteElo "2207"]
[BlackElo "2289"]
[Annotator "Schwarzatal : Zwettl"]
[PlyCount "105"]
[EventDate "2006.09.20"]
[SourceDate "2006.11.14"]

1. d4 e6 2. Nf3 c5 3. c4 cxd4 4. Nxd4 Nf6 5. Nc3 a6 6. g3 Qc7 7. Qd3 Nc6 8.
Nxc6 Qxc6 9. e4 Bb4 10. Bg2 Ng4 11. O-O Ne5 12. Qd4 f6 13. b3 b5 14. Bb2 bxc4
15. Na4 Bb7 16. Rac1 Qb5 17. f4 Nc6 18. Qxc4 Rc8 19. Rfd1 Rc7 20. e5 f5 21. Qc2
O-O 22. Bf1 Nd4 23. Qxc7 Qd5 24. Qxb7 Nf3+ 25. Kf2 Qxb7 26. Bg2 Rc8 27. Bxf3
Qa7+ 28. Bd4 Qb8 29. Nc5 Bxc5 30. Bxc5 Qb5 31. Be2 Qa5 32. b4 Qxa2 33. Ra1 Qc2
34. Rxa6 Rc7 35. Ra8+ Kf7 36. Ra6 h6 37. Be3 Qb2 38. Bc5 Qc2 39. Rad6 Qa4 40.
R1d2 g5 41. Bh5+ Kg8 42. Be8 gxf4 43. gxf4 Rxc5 44. bxc5 Qxf4+ 45. Kg1 Qe3+ 46.
Rf2 Qxc5 47. Bh5 Qxe5 48. Rxd7 Qe3 49. Bf3 Kf8 50. Kg2 h5 51. Ra2 Qg5+ 52. Kh3
Ke8 53. Rh7 1-0

[Event "N�-LL 2006_07"]
[Site "?"]
[Date "2006.11.12"]
[Round "5"]
[White "Lipp, Alfred"]
[Black "Savio, Alfred jun"]
[Result "1-0"]
[WhiteElo "2174"]
[BlackElo "2060"]
[Annotator "Schwarzatal : Zwettl"]
[PlyCount "91"]
[EventDate "2006.09.20"]
[SourceDate "2006.11.15"]

1. c4 Nf6 2. Nc3 c6 3. d4 d5 4. Nf3 e6 5. e3 Nbd7 6. Bd3 Be7 7. O-O O-O 8. Qe2
Qc7 9. e4 dxe4 10. Nxe4 c5 11. Bg5 cxd4 12. Nxd4 a6 13. Rac1 Rd8 14. Rfd1 Nf8
15. Nxf6+ gxf6 16. Be3 Ng6 17. g3 b6 18. f4 Bb7 19. f5 exf5 20. Bxf5 Bc5 21.
Bh3 Qe5 22. Nf5 Re8 23. Kf2 Kh8 24. Rc3 Be4 25. Nh6 Kg7 26. Rd7 Re7 27. Rxe7
Qxe7 28. Ng4 Bf5 29. Bxc5 Qxc5+ 30. Qe3 Qd6 31. c5 bxc5 32. Rxc5 Re8 33. Qh6+
Kg8 34. Rxf5 Qb6+ 35. Kf1 Re6 36. Qd2 Rd6 37. Rd5 Rxd5 38. Qxd5 Qxb2 39. Nh6+
Kg7 40. Nf5+ Kg8 41. Qd8+ Nf8 42. Qd4 Qxh2 43. Bg2 Qh5 44. Qxf6 Qd1+ 45. Kf2
Qc2+ 46. Kg1 1-0

[Event "N�-LL 2006_07"]
[Site "?"]
[Date "2006.11.12"]
[Round "5"]
[White "Monschein, Wolfgang"]
[Black "Stadler, Peter"]
[Result "0-1"]
[WhiteElo "2150"]
[BlackElo "2113"]
[Annotator "Schwarzatal : Zwettl"]
[PlyCount "76"]
[EventDate "2006.09.20"]
[SourceDate "2006.11.15"]

1. e4 c5 2. Nc3 Nc6 3. g3 g6 4. Bg2 Bg7 5. d3 e6 6. Nge2 Nge7 7. Be3 Nd4 8. O-O
O-O 9. Qd2 d6 10. Rae1 Bd7 11. Nd1 Rb8 12. g4 f5 13. exf5 gxf5 14. g5 Ng6 15.
f4 Bc6 16. Bxc6 bxc6 17. c3 Nxe2+ 18. Rxe2 e5 19. fxe5 f4 20. Rxf4 Qxg5+ 21.
Rg2 Qxe5 22. Re4 Qf5 23. Qe2 d5 24. Reg4 Rbe8 25. Rg5 Qe6 26. Qg4 Bh6 27. Qxe6+
Rxe6 28. R5g3 d4 29. Bf2 Re2 30. cxd4 cxd4 31. Rxg6+ hxg6 32. Rxg6+ Kh7 33.
Rxc6 Rd2 34. Rc7+ Kg6 35. Rc6+ Kh5 36. Nc3 dxc3 37. Rc5+ Kg4 38. Rc4+ Kf3 0-1

[Event "N�-LL 2006_07"]
[Site "?"]
[Date "2006.11.12"]
[Round "5"]
[White "Rumpl, Erwin"]
[Black "Volkmann, Friedrich"]
[Result "1/2-1/2"]
[WhiteElo "2288"]
[BlackElo "2407"]
[Annotator "Wr.Neustadt : Amstetten"]
[PlyCount "27"]

1. Nf3 d5 2. g3 Bg4 3. Bg2 Nd7 4. O-O Ngf6 5. d3 e5 6. Nbd2 Bc5 7. e4 dxe4 8.
dxe4 O-O 9. Qe1 a5 10. Nc4 Re8 11. Nxa5 Qe7 12. Nb3 Ra4 13. Nbd2 Rea8 14. a3
1/2-1/2

[Event "N�-LL 2006_07"]
[Site "?"]
[Date "2006.11.12"]
[Round "5"]
[White "Schroll, Gerhard"]
[Black "Wadsack, Wolfgang"]
[Result "1-0"]
[WhiteElo "2375"]
[BlackElo "2241"]
[Annotator "Wr.Neustadt : Amstetten"]
[PlyCount "105"]

1. e4 d5 2. exd5 Nf6 3. Bb5+ Bd7 4. Be2 Nxd5 5. d4 Bf5 6. Nf3 e6 7. O-O Be7 8.
c4 Nb4 9. Na3 O-O 10. Bf4 c6 11. Qb3 a5 12. c5 Nd7 13. Nc4 Bc2 14. Qc3 Nd5 15.
Qxc2 Nxf4 16. Bd1 Ng6 17. Re1 Qc7 18. Be2 Nf4 19. Bf1 Rfe8 20. a3 Nd5 21. g3 h6
22. Bh3 Bf8 23. Rad1 Rad8 24. Nfd2 N7f6 25. Nb3 Ra8 26. Qd2 a4 27. Nc1 b6 28.
cxb6 Nxb6 29. Ne5 Bd6 30. Ncd3 Bxe5 31. Nxe5 Nbd7 32. Nd3 Qb6 33. Bg2 Nd5 {
Remisgebot} 34. Qc2 Reb8 35. Rc1 Qxd4 36. Re4 Qb6 37. Rxa4 Rxa4 38. Qxa4 Qb3
39. Qd4 c5 40. Nxc5 Nxc5 41. Rxc5 Nf6 42. Bf1 e5 43. Rxe5 Qxb2 44. Qxb2 Rxb2
45. Re2 Rb1 46. Ra2 Ng4 47. Kg2 g5 48. a4 h5 49. a5 h4 50. gxh4 gxh4 51. a6 h3+
52. Kxh3 Rxf1 53. a7 1-0

[Event "N�-LL 2006_07"]
[Site "?"]
[Date "2006.11.12"]
[Round "5"]
[White "Wiedner, Robert"]
[Black "Bachmayer, Josef"]
[Result "1/2-1/2"]
[WhiteElo "2143"]
[BlackElo "2163"]
[Annotator "Wr.Neustadt : Amstetten"]
[PlyCount "120"]

1. c4 f5 2. Nc3 Nf6 3. Nd5 e6 4. Nxf6+ Qxf6 5. Nf3 b6 6. g3 Bb7 7. Bg2 g5 8. d3
Rg8 9. Rb1 h5 10. Bd2 h4 11. Nxh4 Bxg2 12. Nxg2 Nc6 13. Bc3 Qh6 14. Kd2 O-O-O
15. Kc2 d5 16. cxd5 exd5 17. Rc1 d4 18. Bd2 Qh3 19. Qf1 Be7 20. Kb1 Kb7 21. f3
Rh8 22. Qf2 Bf6 23. Ne1 Rhe8 24. Nc2 Re6 25. Rce1 Rde8 26. Na1 a5 27. Nb3 a4
28. Nc1 Ne7 29. e4 dxe3 30. Bxe3 Nd5 31. Bd2 Qh8 32. Rxe6 Rxe6 33. Be1 Qe8 34.
a3 f4 35. Qd2 Qb5 36. Bf2 Rc6 37. Ne2 Ne3 38. Rc1 Rxc1+ 39. Nxc1 Qe5 40. gxf4
gxf4 41. Bxe3 fxe3 42. Qe2 c5 43. Na2 Qf4 44. Kc2 Be5 45. Nc3 Bxc3 46. Kxc3 b5
47. Kc2 b4 48. axb4 cxb4 49. h4 Qe5 50. f4 Qxf4 51. Qg2+ Kb6 52. Qg6+ Ka5 53.
Qh5+ Kb6 54. Qg6+ Kc5 55. Qh5+ Kd6 56. Qg6+ Ke7 57. Qg7+ Ke6 58. Qg8+ Kf5 59.
Qc8+ Kg6 60. Qe8+ Kf5 1/2-1/2

[Event "N�-LL 2006_07"]
[Site "?"]
[Date "2006.11.12"]
[Round "5"]
[White "Ganaus, Hannes"]
[Black "Mahdy, Khaled"]
[Result "1/2-1/2"]
[WhiteElo "2318"]
[BlackElo "2368"]
[Annotator "Waidhofen : St.P�lten"]
[PlyCount "33"]
[EventDate "2006.09.20"]
[SourceDate "2006.11.15"]

1. d4 Nf6 2. Nf3 g6 3. Bg5 Bg7 4. Nbd2 h6 5. Bh4 O-O 6. c3 d6 7. e4 Nc6 8. Bb5
a6 9. Bxc6 bxc6 10. O-O a5 11. Re1 Nh5 12. e5 f6 13. Bg3 dxe5 14. dxe5 f5 15.
h3 Qe8 16. Qa4 Kh7 17. Nd4 1/2-1/2

[Event "N�-LL 2006_07"]
[Site "?"]
[Date "2006.11.12"]
[Round "5"]
[White "Svanda, Pavel"]
[Black "R�hrl, Karl"]
[Result "1/2-1/2"]
[WhiteElo "2208"]
[BlackElo "2290"]
[Annotator "Waidhofen : St.P�lten"]
[PlyCount "122"]
[EventDate "2006.09.20"]
[SourceDate "2006.11.15"]

1. e4 c5 2. Nf3 e6 3. d4 cxd4 4. Nxd4 a6 5. Bd3 Bc5 6. Nb3 Ba7 7. Qe2 d6 8. Be3
Bxe3 9. Qxe3 Nc6 10. c4 e5 11. Nc3 Be6 12. O-O Nge7 13. Rfd1 O-O 14. Ne2 Rc8
15. Rac1 Nb4 16. a3 Nxd3 17. Qxd3 Qb6 18. Nd2 Bg4 19. Re1 Bxe2 20. Rxe2 Nc6 21.
Nf3 a5 22. Qe3 Qa6 23. b3 Rfd8 24. a4 b6 25. Rd1 Qb7 26. Red2 Qc7 27. h3 Rb8
28. Qg5 h6 29. Qg4 Qe7 30. Nh4 Nd4 31. Nf5 Nxf5 32. Qxf5 g6 33. Qf3 h5 34. Qe3
Qc7 35. Rd5 Rd7 36. R1d3 Re8 37. g4 hxg4 38. hxg4 Kg7 39. f4 exf4 40. Qxf4 Rde7
41. R3d4 Re6 42. g5 Rd8 43. Kg2 Qe7 44. Kf3 f6 45. Ke3 f5 46. Kd3 fxe4+ 47.
Rxe4 Rf8 48. Rxe6 Qxe6 49. Qe3 Qf7 50. Kc2 Re8 51. Qc3+ Kg8 52. Kb2 Re2+ 53.
Rd2 Qf2 54. Rxe2 Qxe2+ 55. Ka3 Qe5 56. Qc1 Kf7 57. Ka2 Qd4 58. Qe1 Qe5 59. Qf2+
Ke6 60. Qxb6 Qxg5 61. Qc6 Qd2+ 1/2-1/2

[Event "N�-LL 2006_07"]
[Site "?"]
[Date "2006.11.12"]
[Round "5"]
[White "Wagner, Stefan"]
[Black "Neussner, Siegfried"]
[Result "1/2-1/2"]
[WhiteElo "1986"]
[BlackElo "2164"]
[Annotator "Waidhofen : St.P�lten"]
[PlyCount "26"]
[EventDate "2006.09.20"]
[SourceDate "2006.11.15"]

1. Nf3 Nf6 2. d4 g6 3. c4 Bg7 4. Nc3 d5 5. cxd5 Nxd5 6. e4 Nxc3 7. bxc3 c5 8.
h3 cxd4 9. cxd4 Nc6 10. Be3 Qa5+ 11. Qd2 Qxd2+ 12. Kxd2 O-O 13. Rd1 Rd8 1/2-1/2

[Event "N�-LL 2006_07"]
[Site "?"]
[Date "2006.11.12"]
[Round "5"]
[White "Wallner, Erich"]
[Black "Dietrich, Markus"]
[Result "1-0"]
[WhiteElo "2155"]
[BlackElo "1992"]
[Annotator "Waidhofen : St.P�lten"]
[PlyCount "53"]
[EventDate "2006.09.20"]
[SourceDate "2006.11.15"]

1. d4 Nf6 2. Bg5 Ne4 3. Bf4 c5 4. d5 Qa5+ 5. c3 Qb6 6. Qc2 d6 7. f3 Nf6 8. e4
g6 9. Bd3 Bg7 10. Ne2 Bd7 11. Nd2 Bb5 12. c4 Ba6 13. Nc3 Nbd7 14. O-O Nh5 15.
Be3 Bxc3 16. Qxc3 f6 17. f4 Qc7 18. Nf3 b6 19. Bd2 Rg8 20. Rfe1 h6 21. e5 dxe5
22. fxe5 Nxe5 23. Nxe5 fxe5 24. Rxe5 g5 25. Rc1 Rg7 26. Re6 O-O-O 27. Rc6 1-0

[Event "N�-LL 2006_07"]
[Site "?"]
[Date "2006.11.12"]
[Round "5"]
[White "Weiss, Christian"]
[Black "Hangweyrer, Manfred"]
[Result "1-0"]
[WhiteElo "2451"]
[BlackElo "2381"]
[Annotator "Stockerau : P�chlarn"]
[PlyCount "63"]
[EventDate "2006.09.20"]
[SourceDate "2006.11.15"]

1. c4 c5 2. Nf3 Nc6 3. g3 g6 4. Bg2 Bg7 5. O-O d6 6. Nc3 Nf6 7. d4 O-O 8. e3
Bf5 9. b3 Ne4 10. Bb2 Nxc3 11. Bxc3 Be4 12. Rc1 Nb4 13. Qd2 a5 14. a3 Nc6 15.
d5 Bxc3 16. Qxc3 Bxf3 17. Bxf3 Ne5 18. Be2 f5 19. f4 Nd7 20. g4 Nf6 21. gxf5
gxf5 22. Kh1 Qd7 23. Rg1+ Kf7 24. Rg5 Rg8 25. Bh5+ Nxh5 26. Rxh5 Rg7 27. Rg1
Rag8 28. Rxg7+ Rxg7 29. Qxa5 e6 30. Qd2 e5 31. fxe5 dxe5 32. Qf2 1-0